La sinodalidad como el caminar juntos en la Iglesia.
Spremljeno u:
| Glavni autor: | |
|---|---|
| Format: | Nepoznato |
| Izdano: |
Barcelona, España:
Centre de Pastoral Litúrgica,
2022.
|
| Izdanje: | Primera edición |
| Serija: | Colección Emaús
|
| Teme: | |
| Oznake: |
Dodaj oznaku
Bez oznaka, Budi prvi tko označuje ovaj zapis!
|
MARC
| LEADER | 00000 a2200000 4500 | ||
|---|---|---|---|
| 003 | CL-VaPUC | ||
| 005 | 20221108150821.0 | ||
| 008 | 221020t2021 ||||| |||| 00| 0 eng d | ||
| 999 | |c 438863 |d 438861 | ||
| 020 | |a 978-84-9165-476-6 | ||
| 040 | |c Pontificia Universidad Católica de Valparaíso | ||
| 082 | 7 | |a 262.4 PIE 2021 |2 22 | |
| 100 | |a Pié-Ninot, Salvador |9 367037 |e autor | ||
| 245 | |a La sinodalidad como el caminar juntos en la Iglesia. | ||
| 250 | |a Primera edición | ||
| 260 | |a Barcelona, España: |b Centre de Pastoral Litúrgica, |c 2022. | ||
| 300 | |a 61 páginas. | ||
| 490 | |a Colección Emaús |n 170. | ||
| 583 | |k GC |c 20221020 | ||
| 650 | |a Sinodalidad |x Iglesia Católica |9 878083 | ||
| 650 | |a Sinodalidad |x Reflexiones |9 878084 | ||
| 942 | |2 ddc |c BK | ||
| 952 | |0 0 |1 0 |2 ddc |4 0 |6 262_400000000000000_PIE_2021 |7 0 |8 A |9 587336 |a BIBTEO |b BIBTEO |c GEN |d 2022-10-17 |e 3 |g 14184.00 |i 5654678 |l 1 |m 1 |o 262.4 PIE 2021 |p 5654678 |r 2025-01-17 |s 2023-05-10 |t 1 |v 14184.00 |w 2022-10-17 |y BK |k ICR | ||